000 00588nam a2200193Ia 4500
005 20260114185654.0
008 008 260114s9999 xx 000 0 eng d
020 _a9780755621132
037 _aEBOOK
040 _aCRL
_beng
_cCRL
041 _aeng
_2eng
084 _qCRL
100 _aPhilip C. Almond
_9872956
245 4 _aThe Lancashire Witches A Chronicle of Sorcery and Death on Pendle Hill
260 _bBloomsbury
_c2012
856 _uhttps://doi.org/10.5040/9780755621132?locatt=label:secondary_bloomsburyCollections
942 _cEBOOK
999 _c1471904
_d1471904